Improving health through nursing research / (Record no. 715)

000 -LEADER
fixed length control field 02673nam a22004697a 4500
001 - CONTROL NUMBER
control field 15743039
003 - CONTROL NUMBER IDENTIFIER
control field OSt
005 - DATE AND TIME OF LATEST TRANSACTION
control field 20210421074729.0
008 - FIXED-LENGTH DATA ELEMENTS--GENERAL INFORMATION
fixed length control field 090515s2010 sz a b 001 0 eng
010 ## - LIBRARY OF CONGRESS CONTROL NUMBER
LC control number 2009020416
015 ## - NATIONAL BIBLIOGRAPHY NUMBER
National bibliography number GBA984568
Source bnb
016 7# - NATIONAL BIBLIOGRAPHIC AGENCY CONTROL NUMBER
Record control number 101505073
Source DNLM
016 7# - NATIONAL BIBLIOGRAPHIC AGENCY CONTROL NUMBER
Record control number 015357335
Source Uk
020 ## - INTERNATIONAL STANDARD BOOK NUMBER
International Standard Book Number 9781405134118 (pbk. : alk. paper)
020 ## - INTERNATIONAL STANDARD BOOK NUMBER
International Standard Book Number 1405134119 (pbk. : alk. paper)
035 ## - SYSTEM CONTROL NUMBER
System control number (OCoLC)ocn338315871
040 ## - CATALOGING SOURCE
Original cataloging agency DNLM/DLC
Transcribing agency DLC
Modifying agency YDX
-- NLM
-- BTCTA
-- WS7
-- UBY
-- UKM
-- DLC
041 ## - LANGUAGE CODE
Language code of text/sound track or separate title eng
042 ## - AUTHENTICATION CODE
Authentication code pcc
050 00 - LIBRARY OF CONGRESS CALL NUMBER
Classification number RT81.5
Item number .I47 2010
080 ## - UNIVERSAL DECIMAL CLASSIFICATION NUMBER
Universal Decimal Classification number 616-08
Item number H-75
082 00 - DEWEY DECIMAL CLASSIFICATION NUMBER
Classification number 610.73072
Edition number 22
245 00 - TITLE STATEMENT
Title Improving health through nursing research /
Statement of responsibility, etc. edited by William L. Holzemer.
Remainder of title / by: Wiley-Blackwell,
260 ## - PUBLICATION, DISTRIBUTION, ETC.
Place of publication, distribution, etc. [Geneva, Switzerland] :
Name of publisher, distributor, etc. International Council for Nurses ;
Place of publication, distribution, etc. Chichester, West Sussex, U.K. ;
-- Ames, Iowa :
Name of publisher, distributor, etc. Wiley-Blackwell,
Date of publication, distribution, etc. 2010.
300 ## - PHYSICAL DESCRIPTION
Extent xii, 258 p. :
Other physical details ill. ;
Dimensions 25 cm.
504 ## - BIBLIOGRAPHY, ETC. NOTE
Bibliography, etc. note Includes bibliographical references and index.
505 0# - FORMATTED CONTENTS NOTE
Formatted contents note Global perspectives on health and nursing -- Building knowledge -- Theory and nursing science -- Improving patient care -- Enhancing care delivery -- Building professional nursing -- Defining the research problem -- Introduction to quantitative research -- Sampling -- Selecting instruments for research -- Experimental research designs -- Research critique -- Preparing data for analysis -- Interpretative research methods -- Interpretative data management and analysis -- Preparing qualitative data for analysis -- Responsible conduct of research -- Writing a research proposal -- Planning and managing a research project -- Presenting and publishing research findings -- Facilitating nursing research -- Information and communication technology infrastructure for evidence-based practice -- Translating research into practice.
650 #0 - SUBJECT ADDED ENTRY--TOPICAL TERM
Topical term or geographic name entry element Nursing
General subdivision Research.
650 #0 - SUBJECT ADDED ENTRY--TOPICAL TERM
Topical term or geographic name entry element Patient Care
9 (RLIN) 285
650 #0 - SUBJECT ADDED ENTRY--TOPICAL TERM
Topical term or geographic name entry element Evidence-based nursing.
650 12 - SUBJECT ADDED ENTRY--TOPICAL TERM
Topical term or geographic name entry element Nursing Research.
650 22 - SUBJECT ADDED ENTRY--TOPICAL TERM
Topical term or geographic name entry element Evidence-Based Nursing.
650 22 - SUBJECT ADDED ENTRY--TOPICAL TERM
Topical term or geographic name entry element Research Design.
653 ## - INDEX TERM--UNCONTROLLED
Uncontrolled term პაციენტის მოვლა
653 ## - INDEX TERM--UNCONTROLLED
Uncontrolled term მტკიცებულებაზე დაფუძნებული პაციენტის მოვლა
653 ## - INDEX TERM--UNCONTROLLED
Uncontrolled term პაციენტის მოვლის კვლევა
700 1# - ADDED ENTRY--PERSONAL NAME
Personal name Holzemer, William L.
Relator term Editor
710 2# - ADDED ENTRY--CORPORATE NAME
Corporate name or jurisdiction name as entry element International Council of Nurses.
906 ## - LOCAL DATA ELEMENT F, LDF (RLIN)
a 7
b cbc
c orignew
d 1
e ecip
f 20
g y-gencatlg
942 ## - ADDED ENTRY ELEMENTS (KOHA)
Source of classification or shelving scheme
Koha item type Books
Holdings
Withdrawn status Lost status Source of classification or shelving scheme Damaged status Not for loan Permanent location Current location Date acquired Inventory number Total Checkouts Full call number Barcode Date last seen Price effective from Koha item type
          Ken Walker International University Ken Walker International University 12/18/2020 2229   616-08 H-75 2229 12/18/2020 12/18/2020 Books

Powered by Koha